Мой родной Вилюйский улус (Запись № 1165464)

Подробности
000 -МАРКЕР
контрольное поле 02852nam0a2200469 4500
001 - ИДЕНТИФИКАТОР ЗАПИСИ
контрольное поле RU\NLR\bibl\1700720
005 - ИДЕНТИФИКАТОР ВЕРСИИ
контрольное поле 20260407210822.0
010 ## - МЕЖДУНАРОДНЫЙ СТАНДАРТНЫЙ НОМЕР КНИГИ (ISBN)
Номер (ISBN) 978-5-4223-0001-3
Тираж 500
021 ## - НОМЕР ГОСУДАРСТВЕННОЙ РЕГИСТРАЦИИ
Код страны Российская Федерация
Номер 2010-79571
Номер Листа государственной регистраци 5305
035 ## - ДРУГИЕ СИСТЕМНЫЕ НОМЕРА
Идентификатор записи (nilc)RSL-KNO-004749092
035 ## - ДРУГИЕ СИСТЕМНЫЕ НОМЕРА
Идентификатор записи EL/0000304138
035 ## - ДРУГИЕ СИСТЕМНЫЕ НОМЕРА
Идентификатор записи (NLR Aleph) 001691800
100 ## - ДАННЫЕ ОБЩЕЙ ОБРАБОТКИ
Данные общей обработки 20091116d2009 |||y0rusy50 ca
101 0# - ЯЗЫК РЕСУРСА
Язык текста, звукозаписи и т.д. русский
102 ## - СТРАНА ПУБЛИКАЦИИ ИЛИ ПРОИЗВОДСТВА
Страна публикации Российская Федерация
105 ## - ПОЛЕ КОДИРОВАННЫХ ДАННЫХ: ТЕКСТОВЫЕ МАТЕРИАЛЫ, МОНОГРАФИЧЕСКИЕ
Кодированные данные о монографическом текстовом документе a zzzz|||||
200 1# - ЗАГЛАВИЕ И СВЕДЕНИЯ ОБ ОТВЕТСТВЕННОСТИ
Основное заглавие Мой родной Вилюйский улус
Сведения, относящиеся к заглавию учебное пособие по курсу "Родной край" для учащихся 5 класса школ Вилюйского улуса (района)
Первые сведения об ответственности М.Д. Андреева, С.А. Иванова, М.Е. Колтовская [и др.]
Последующие сведения об ответственности [науч. ред. Кривошапкина О. М.]
-- ГОУ "Ин-т повышения квалификации работников образования Респ. Саха (Якутия) им. С. Н. Донского-II" [и др.]
210 ## - ПУБЛИКАЦИЯ, РАСПРОСТРАНЕНИЕ И ДР.
Место издания, распространения и т.д. Якутск
Имя издателя, распространителя и т. д. Офсет
Дата издания, распространения и т.д. 2009
215 ## - ФИЗИЧЕСКАЯ ХАРАКТЕРИСТИКА
Специфическое обозначение материала и объем 200 с.
Другие сведения о физической характеристике ил., цв. ил., портр.
Размеры 30
300 ## - ОБЩИЕ ПРИМЕЧАНИЯ
Текст примечания Посвящ. 180-летию Вилюй. шк., Кесарю Киренскому, первому учителю первой в Вилюй. округе казачьей шк.
607 ## - ГЕОГРАФИЧЕСКОЕ НАИМЕНОВАНИЕ КАК ПРЕДМЕТ
Географическое наименование Вилюйский улус (Якутия)
Формальный подзаголовок Учебные издания для средней школы
Тематический подзаголовок История
Системный номер авторитетной/нормативной записи 2607507
Идентификатор авторитетной/нормативной записи RU\NLR\auth\661544065
607 ## - ГЕОГРАФИЧЕСКОЕ НАИМЕНОВАНИЕ КАК ПРЕДМЕТ
Географическое наименование Вилюйский улус (Якутия)
Формальный подзаголовок Учебные издания для средней школы
Системный номер авторитетной/нормативной записи 1246332
Идентификатор авторитетной/нормативной записи RU\NLR\auth\66192553
686 ## - ИНДЕКСЫ ДРУГИХ КЛАССИФИКАЦИЙ
Индекс Д9(2Р54-6Я-5Вил)0я721-1
Код системы
686 ## - ИНДЕКСЫ ДРУГИХ КЛАССИФИКАЦИЙ
Индекс 26.89(2Рос.Яку-5)я721
Издание LBC/PL
Код системы
686 ## - ИНДЕКСЫ ДРУГИХ КЛАССИФИКАЦИЙ
Индекс Д890(2Р54-6Я)я72
686 ## - ИНДЕКСЫ ДРУГИХ КЛАССИФИКАЦИЙ
Индекс Т3(2Р-6Я-2А/Я)я72
701 #1 - ИМЯ ЛИЦА - АЛЬТЕРНАТИВНАЯ ОТВЕТСТВЕННОСТЬ
Код отношения Автор
Материалы, к которым относится поле rus
Графика поля Кириллица
Начальный элемент ввода Андреева
Часть имени, кроме начального элемента ввода М. Д.
Дополнения к именам, кроме дат географ
Расширение инициалов личного имени Мария Дмитриевна
Идентификатор авторитетной/нормативной записи RU\NLR\auth\7797366
Системный номер авторитетной/нормативной записи 80292
701 #1 - ИМЯ ЛИЦА - АЛЬТЕРНАТИВНАЯ ОТВЕТСТВЕННОСТЬ
Код отношения Автор
Материалы, к которым относится поле rus
Графика поля Кириллица
Начальный элемент ввода Иванова
Часть имени, кроме начального элемента ввода С. А.
Дополнения к именам, кроме дат канд. пед. наук, география
Расширение инициалов личного имени Светлана Алексеевна
Идентификатор авторитетной/нормативной записи RU\NLR\auth\7797368
Системный номер авторитетной/нормативной записи 80294
701 #1 - ИМЯ ЛИЦА - АЛЬТЕРНАТИВНАЯ ОТВЕТСТВЕННОСТЬ
Начальный элемент ввода Колтовская
Часть имени, кроме начального элемента ввода М. Е.
Расширение инициалов личного имени Марина Егоровна
Код отношения Автор
702 #1 - ИМЯ ЛИЦА - ВТОРИЧНАЯ ОТВЕТСТВЕННОСТЬ
Начальный элемент ввода Кривошапкина
Часть имени, кроме начального элемента ввода О. М.
Расширение инициалов личного имени Ольга Милентьевна
Код отношения Редактор
712 01 - НАИМЕНОВАНИЕ ОРГАНИЗАЦИИ - ВТОРИЧНАЯ ОТВЕТСТВЕННОСТЬ
Код отношения Прочие
Начальный элемент ввода Вилюйский улус (район)
Идентифицирующий признак Республика Саха (Якутия)
Структурное подразделение Администрация
Идентификатор авторитетной/нормативной записи RU\NLR\AUTH\8810139622
Системный номер авторитетной/нормативной записи 774322
801 #0 - ИСТОЧНИК ЗАПИСИ
Страна Российская Федерация
Организация Агентство CIP НБР Саха
Дата составления 20091116
Правила каталогизации rcr
801 #1 - ИСТОЧНИК ЗАПИСИ
Страна Российская Федерация
Организация Агентство CIP НБР Саха
Дата составления 20091116
801 #2 - ИСТОЧНИК ЗАПИСИ
Страна Российская Федерация
Организация НБР Саха
Дата составления 20101103
Правила каталогизации rcr
801 #1 - ИСТОЧНИК ЗАПИСИ
Страна Российская Федерация
Организация РГБ
Дата составления 20091116
801 #2 - ИСТОЧНИК ЗАПИСИ
Страна Российская Федерация
Организация НБР Саха
Дата составления 20100321
801 #2 - ИСТОЧНИК ЗАПИСИ
Страна Российская Федерация
Организация NLR
Дата составления 20101116
Правила каталогизации rcr
942 ## - ДОПОЛНИТЕЛЬНЫЕ ЭЛЕМЕНТЫ ЗАПИСИ (АБИС)
Тип экземпляра АБИС Книга
980 ## - КОЛЛЕКЦИЯ
Название коллекции Национальная библиография
Экземпляры
Тип экземпляра Дата поступления Источник поступления Библиотека постоянного хранения Библиотека текущего хранения Место хранения Шифр хранения Штрих-код Статус экземпляра
Книга 16.11.2010 Обязательный экземпляр РНБ (Московский) РНБ (Московский) Русский книжный фонд: издания с 1957 года 2010-8/3420 3294249  
Книга 16.11.2010 Обязательный экземпляр РНБ (Московский) РНБ (Московский) Обменный фонд   3294250